| 000 -LEADER |
| fixed length control field |
00339nam a2200133Ia 4500 |
| 008 - FIXED-LENGTH DATA ELEMENTS--GENERAL INFORMATION |
| fixed length control field |
200103s9999||||xx |||||||||||||| ||und|| |
| 082 ## - DEWEY DECIMAL CLASSIFICATION NUMBER |
| Classification number |
Column-33 |
| 100 ## - MAIN ENTRY--PERSONAL NAME |
| Personal name |
Srivastava, S. B. |
| 245 #2 - TITLE STATEMENT |
| Title |
A textbook of Mechanical Engineering |
| 260 ## - PUBLICATION, DISTRIBUTION, ETC. (IMPRINT) |
| Name of publisher, distributor, etc |
Asia Publishing House, Bombay |
| Date of publication, distribution, etc |
1968 |
| 300 ## - PHYSICAL DESCRIPTION |
| Extent |
xv, 422 |
| 942 ## - ADDED ENTRY ELEMENTS (KOHA) |
| Item type |
Books |